LEADER 01134nam0 22002531i 450 001 UON00184884 005 20231205103149.65 010 $a88-14-02683-1 100 $a20030730d1991 |0itac50 ba 101 $aita 102 $aIT 105 $a|||| 1|||| 200 1 $aTutela igienico-sanitaria degli alimenti e delle bevande$eD.P.R. 26 marzo 1980 , n 327 Regolamento di esecuzione della legge 30 aprile 1962, n. 283$fCarlo Cor rera 210 $aTerza edizione 215 $aMilano$cGiuffrè, 1991 - XVI,701 p.$d21 cm 410 1$1001UON00171465$12001 $aTeoria e Pratica del Diritto. Sez. III:Diritto e procedura penale $1210 $aMilano$cGiuffrè$v20 606 $aDiritto sanitario$xStudi$3UONC035269$2FI 700 1$aCorrera$bCarlo$3UONV100413 801 $aIT$bSOL$c20250314$gRICA 899 $aSIBA - SISTEMA BIBLIOTECARIO DI ATENEO$2UONSI 912 $aUON00184884 950 $aSIBA - SISTEMA BIBLIOTECARIO DI ATENEO$dSI PEN B 0296 $eSI SC 24911 5 0296 996 $aTutela igienico-sanitaria degli alimenti e delle bevande$9576705 997 $aUNIOR